000 00356nam a2200133Ia 4500
008 190216s9999||||xx |||||||||||||| ||und||
100 _a"Alan M Jacobs, Donald E Kline And Forrest J Remick"
245 0 _aBasic Priciples Of Nuclear Science And Reactions
250 _a1st Ed.
260 _bNull
_c1966
300 _a262
650 _aPhysics
942 _cBK
999 _c32713
_d32713